Пропуск в контексте

Методы и средства измерения учебное пособие

Описаны методы и средства измерения ряда физических величин, характеризующих протекание важнейших технологических процессов в металлургии и при обслуживании автомобильного транспорта. Информация о результатах этих измерений используется для управления производственных процессов, а также при научных...

Fuld beskrivelse

Сохранить в:
Bibliografiske detaljer
Hovedforfatter: Зотов С. В.
Andre forfattere: Касаткина Е. Г., Бережная Г. А.
Format: Книга
Sprog:Russian
Udgivet: Магнитогорск МГТУ им. Г.И. Носова 2023
Online adgang:https://e.lanbook.com/book/366011
https://e.lanbook.com/img/cover/book/366011.jpg
Tags: Tilføj Tag
Ingen Tags, Vær først til at tagge denne postø!
LEADER 02806nam0a2200301 i 4500
001 366011
003 RuSpLAN
005 20240216150949.0
008 240216s2023 ru gs 000 0 rus
020 |a 978-5-9967-2673-8 
040 |a RuSpLAN 
041 0 |a rus 
044 |a ru 
080 |a 53.082 
245 0 0 |a Методы и средства измерения  |b учебное пособие  |c Зотов С. В.,Касаткина Е. Г.,Бережная Г. А. 
260 |a Магнитогорск  |b МГТУ им. Г.И. Носова  |c 2023 
300 |a 105 с. 
500 |a Утверждено Редакционно-издательским советом университета в качестве учебного пособия 
504 |a Библиогр.: доступна в карточке книги, на сайте ЭБС Лань 
520 8 |a Описаны методы и средства измерения ряда физических величин, характеризующих протекание важнейших технологических процессов в металлургии и при обслуживании автомобильного транспорта. Информация о результатах этих измерений используется для управления производственных процессов, а также при научных исследованиях и проектировании. В то же время, средства измерения являются важным компонентом систем автоматического (автоматизированного) управления металлургическим производством. Учебное пособие предназначено для студентов, обучающихся по направлениям подготовки бакалавров 27.03.01 «Стандартизация и метрология» (Стандартизация, менеджмент и контроль качества) и 23.03.03 «Эксплуатация транспортно-технологических машин и комплексов» (эксплуатация и сервисное обслуживание автомобильного транспорта). 
521 8 |a Книга из коллекции МГТУ им. Г.И. Носова - Инженерно-технические науки 
521 8 |a СЭБ 
100 1 |a Зотов С. В. 
700 1 |a Касаткина Е. Г. 
700 1 |a Бережная Г. А. 
856 4 |u https://e.lanbook.com/book/366011 
856 4 8 |u https://e.lanbook.com/img/cover/book/366011.jpg 
953 |a https://e.lanbook.com/img/cover/book/366011.jpg 
Cannot write session to /tmp/vufind_sessions/sess_j0icet3244hckf54f2r1mitot7